Implementácia zásad projektového riadenia do procesu výstavby
Guardado en:
| Autor principal: | |
|---|---|
| Formato: | Manuscrito Libro |
| Lenguaje: | eslovaco |
| Publicado: |
Košice :
Technická univerzita v Košiciach,
2002
|
| Etiquetas: |
Sin Etiquetas, Sea el primero en etiquetar este registro!
|
MARC
| LEADER | 00000ntm a22000003a 4500 | ||
|---|---|---|---|
| 001 | stu83196 | ||
| 005 | 20150617225638.9 | ||
| 008 | 040120s2002----xo------------------slo-d | ||
| 040 | |a STU |b slo | ||
| 041 | 0 | |a slo | |
| 044 | |a xo | ||
| 080 | |a 624.05 | ||
| 080 | |a 69.05 | ||
| 080 | |a 72.011.1 | ||
| 100 | 1 | |a Kozlovská, Mária |4 aut | |
| 245 | 1 | |a Implementácia zásad projektového riadenia do procesu výstavby | |
| 260 | |a Košice : |b Technická univerzita v Košiciach, |c 2002 | ||
| 300 | |a 97 s.;tab.,schémy | ||
| 996 | |b 284V012709 |c V*2233/HP-119 |l VVS |s A |a 24 |w stu83196_0001 | ||